| 000 | 00732cam a2200253 4500 | ||
|---|---|---|---|
| 001 | 46287 | ||
| 010 | _a9727090842 | ||
| 021 | _b43190/91 | ||
| 090 | _a46287 | ||
| 100 | _a19910910d1991 m y0pory5003 ba | ||
| 101 | 1 | _apor | |
| 102 | _aPT | ||
| 200 | 1 |
_aMossad _eos segredos da espionagem israelita _fVictor Ostrovsky, Claire Hoy _gtrad. Elsa Andringa |
|
| 210 | 9 |
_aLisboa _cDifusão Cultural, _dimp. 1991 |
|
| 215 |
_a350 p. _d23 cm |
||
| 304 | _aTít. orig: By way of deception | ||
| 675 | _a355.40 | ||
| 675 |
_a327.8(569.4) _vBN _zpor |
||
| 700 | 1 |
_aOstrovsky, _bVictor, _f1949- |
|
| 701 | 1 |
_aHoy, _bClaire _4070 |
|
| 702 | 1 |
_aAndringa, _bElsa _4730 |
|
| 702 | 1 |
_aMendon—ca, _bLuís, _f1937- _4550 |
|
| 801 | 0 |
_aPT _bBN _gRPC |
|
| 990 | _cLIVROS | ||